Т. 77, № 7; Известия Российской академии наук. Серия физическая

書目詳細資料
Parent link:Известия Российской академии наук. Серия физическая/ Российская академия наук. Т. 77, № 7.— , 1992-
語言:俄语
出版: 2013
格式: 圖書
KOHA link:https://koha.lib.tpu.ru/cgi-bin/koha/opac-detail.pl?biblionumber=517890

MARC

LEADER 00000nam2a2200000 4500
001 517890
005 20231101105752.0
035 |a (RuTPU)RU\TPU\prd\196191 
090 |a 517890 
100 |a 20130923d19369999k y0rusy50 ca 
101 0 |a rus 
102 |a RU 
200 0 |a Т. 77, № 7 
210 |d 2013 
461 1 |0 (RuTPU)RU\TPU\prd\650  |t Известия Российской академии наук. Серия физическая  |f Российская академия наук  |v Т. 77, № 7  |d 1992- 
801 0 |a RU  |b 63413507  |c 20010227  |g PSBO 
801 1 |a RU  |b 63413507  |c 20130923 
801 2 |a RU  |b 63413507  |c 20201105  |g RCR 
942 |c BK 
999 |a НТБ_ТПУ  |b НФ  |e -1/20130109  |p П-701к  |s 3/20130508  |u 0,00  |v 1